000 00854cam a2200193 4500
005 20250905132048.0
008 030911s1999 ag 000 0 spa u
020 _a9506792550
050 0 4 _aKHA3031
_bP54 1999
100 1 _aPierini, Alicia
245 1 0 _aFinanciamiento de los partidos políticos
_b : para una democracia transparente
_c / Alicia Pierini, Valentín Lorences.
246 _aLey 23.298, Orgánica de los partidos políticos, Ley 24.444, Modificación del código electoral, Con auspicio del Instituto de Promoción de estudios en derechos humanos
250 _a1a ed.
260 _aBuenos Aires :
_b Universidad Sociedad de Responsabilidad Limitada,
_c1999
300 _a254 p. ;
_c23 cm.
650 7 _aPartidos políticos
_xFinanciamiento
_xLegislación
_zArgentina
700 1 _aLorences, Valentín,
_eautor
942 _2lcc
_cLIB
999 _c133761
_d133761